<?xml version="1.0" encoding="UTF-8"?><?xml-stylesheet type="text/xsl" href="static/style.xsl"?><OAI-PMH xmlns="http://www.openarchives.org/OAI/2.0/" xmlns:xsi="http://www.w3.org/2001/XMLSchema-instance" xsi:schemaLocation="http://www.openarchives.org/OAI/2.0/ http://www.openarchives.org/OAI/2.0/OAI-PMH.xsd"><responseDate>2026-04-17T19:24:14Z</responseDate><request verb="GetRecord" identifier="oai:www.recercat.cat:10459.1/468405" metadataPrefix="marc">https://recercat.cat/oai/request</request><GetRecord><record><header><identifier>oai:recercat.cat:10459.1/468405</identifier><datestamp>2025-09-15T18:58:05Z</datestamp><setSpec>com_2072_3622</setSpec><setSpec>col_2072_479130</setSpec></header><metadata><record xmlns="http://www.loc.gov/MARC21/slim" xmlns:dcterms="http://purl.org/dc/terms/" xmlns:xsi="http://www.w3.org/2001/XMLSchema-instance" xmlns:doc="http://www.lyncode.com/xoai" xsi:schemaLocation="http://www.loc.gov/MARC21/slim http://www.loc.gov/standards/marcxml/schema/MARC21slim.xsd">
   <leader>00925njm 22002777a 4500</leader>
   <datafield ind2=" " ind1=" " tag="042">
      <subfield code="a">dc</subfield>
   </datafield>
   <datafield ind2=" " ind1=" " tag="720">
      <subfield code="a">Bolòs i Masclans, Jordi</subfield>
      <subfield code="e">author</subfield>
   </datafield>
   <datafield ind2=" " ind1=" " tag="720">
      <subfield code="a">Sánchez i Boira, Imma</subfield>
      <subfield code="e">author</subfield>
   </datafield>
   <datafield ind2=" " ind1=" " tag="260">
      <subfield code="c">2021</subfield>
   </datafield>
   <datafield ind2=" " ind1=" " tag="520">
      <subfield code="a">Aproximació a alguns aspectes de la vida quotidiana en l’època del rei Pere III el Cerimoniós. Inclou uns comentaris sobre la vida a la cort del monarca, escrits a partir de la lectura de les Ordinacions. L’estudi es fonamenta en quatre inventaris de cases d’eclesiàstics de Lleida, redactats durant els anys que va durar el regnat de Pere el Cerimoniós (1336-1387). S’estudien els diversos objectes que van ser trobats en cadascuna de les cambres d’aquests quatre habitatges: els llits, les taules i bancs, els elements decoratius, el que hi havia a les cuines, la roba de llit i la personal, els objectes de metall, les armes, allò que trobem a l’estudi i al celler, les eines usades per treballar i, finalment, tot
el que serveix per il·luminar i escalfar les cases.</subfield>
   </datafield>
   <datafield ind2=" " ind1=" " tag="520">
      <subfield code="a">This exposition revolves around two axes. On the one hand, it offers an approach to some aspects of everyday life in the time of King Peter III, known as the Ceremonious. It includes insights into life at the monarch’s court, based on reading his Royal Ordinances. On the other hand, this study is built on the basis of four home inventories of ecclesiastics from Lleida, made during the ruling years of Peter the Ceremonious (1336-1387). The various objects found in the chambers of these four dwellings were studied: beds, tables and benches, decorative elements, kitchen utensils, bedding and personal clothes, metal objects, weaponry, objects in the studio and the cellar, working tools, and finally home lighting and heating objects and appliances.</subfield>
   </datafield>
   <datafield tag="653" ind2=" " ind1=" ">
      <subfield code="a">Vida quotidiana</subfield>
   </datafield>
   <datafield tag="653" ind2=" " ind1=" ">
      <subfield code="a">Pere el Cerimoniós</subfield>
   </datafield>
   <datafield tag="653" ind2=" " ind1=" ">
      <subfield code="a">Inventaris de cases</subfield>
   </datafield>
   <datafield tag="653" ind2=" " ind1=" ">
      <subfield code="a">Lleida</subfield>
   </datafield>
   <datafield tag="653" ind2=" " ind1=" ">
      <subfield code="a">Objectes del segle XIV</subfield>
   </datafield>
   <datafield tag="653" ind2=" " ind1=" ">
      <subfield code="a">Everyday life</subfield>
   </datafield>
   <datafield tag="653" ind2=" " ind1=" ">
      <subfield code="a">Peter the Ceremonious</subfield>
   </datafield>
   <datafield tag="653" ind2=" " ind1=" ">
      <subfield code="a">Home inventories</subfield>
   </datafield>
   <datafield tag="653" ind2=" " ind1=" ">
      <subfield code="a">Objects of the fourteenth century</subfield>
   </datafield>
   <datafield ind2="0" ind1="0" tag="245">
      <subfield code="a">Vida quotidiana en temps de Pere III el Cerimoniós : dins les cases de la ciutat de Lleida</subfield>
   </datafield>
</record></metadata></record></GetRecord></OAI-PMH>